00868cam a22002531 4500001001300000003000400013005001700017008004100034010001700075035001900092040001900111042001200130050002300142051002600165100002100191245010900212260006900321300003600390410005400426500003300480650004500513650003900558999001700597gs 07001544 DLC20260227111307.0800415s1907 cauab bi s000 0 eng  ags 07001544  a(OCoLC)6205042 aDLCcTxCMdDLC apremarc00aTN24.C2bA3 no. 46 aTN24.C2bY22cCopy 2.1 aYale, Charles G.10aGeneral index to publications of the California State Mining Bureau.cIssued by the State Mining Bureau. aSacramento,bW.W. Shannon, superintendent state printing,c1907. a54 p. incl. front. (map) illus.20aCalifornia State Mining Bureau.tBulletinvno. 46 aCompiled by Charles G. Yale. 0aMines and mineral resourceszCalifornia. 0aGeologyzCaliforniavBibliography. c24690d24690